000 00280nam a2200121Ia 4500
999 _c6819
_d6819
008 191201s2016 xx 000 0 und d
100 _aANAND KUMAR,A
245 0 _aDigital Signal Processing
260 _bPHI
_c2016
300 _a968
650 _aB.Tech(ECE)
942 _2ddc
_cBK
_030